La política social en la transición /

Guardado en:
書目詳細資料
主要作者: Arteaga Basurto, Carlos (coord.)
其他作者: Solís San Vicente, Silvia (coordinación) (coordinación), Sánchez Rosado, Manuel (prólogo) (prólogo)
格式: 圖書
語言:西班牙语
出版: México : UNAM, Escuela Nacional de Trabajo Social : Plaza y Valdés, 2001, c2001
版:2a edición
主題:
標簽: 添加標簽
沒有標簽, 成為第一個標記此記錄!

MARC

LEADER 00000nam^a2200000^a^4500
001 000165182
005 20250521000000.0
009 20260310101008.145
020 |a 968-36-9267-2 
037 |a Acervo ITESO - Biblioteca 
041 |a ESP 
082 |a 361. 250972063  |b ART 
100 |a Arteaga Basurto, Carlos  |e (coord.) 
245 1 3 |a La política social en la transición /  |c Coord. de C. Arteaga Basurto, S. Solís San Vicente ; pról. de M. Sánchez Rosado. 
250 |a 2a edición 
264 4 |a México :  |b UNAM, Escuela Nacional de Trabajo Social :  |b Plaza y Valdés,  |c 2001, c2001 
300 |a 569 p. 
336 |a texto  |b txt  |2 rdacontenido 
337 |a sin mediación  |b n  |2 rdamedio 
338 |a volumen  |b nc  |2 rdasoporte 
649 |a XX 
650 |a Niños de la Calle -  |z México -  |x Condiciones Sociales y Culturales 
650 |a Jóvenes -  |z México -  |x Condiciones Sociales y Culturales 
650 |a Indígenas de México -  |x Condiciones Sociales y Culturales 
650 |a Actores Sociales -  |z México 
650 |a Violencia Doméstica -  |z México 
650 |a Pobreza -  |z México 
650 |a Igualdad y Desigualdad -  |z México 
650 |a Igualdad y Desigualdad -  |z México 
650 |a Capital Social (Ciencias Sociales) -  |z México 
650 |a Desarrollo Humano -  |x Aspectos Sociales y Culturales 
650 |a Asistencia Social -  |z México 
650 |a Servicio Social -  |z México -  |x Aspectos Sociales y Culturales 
650 |a Reforma Política -  |z México 
650 |a Transición Política -  |z México 
650 |a Poder Legislativo -  |z México 
650 |a Privatización -  |z México 
650 |a Seguridad Pública -  |z México 
650 |a Problemas Sociales -  |z México 
650 |a Organización Social -  |z México 
650 |a Política Económica -  |z México 
650 |a Política Municipal -  |z México 
650 |a Política Social -  |z México -  |x Historia -  |y 1946-2000 -  |x Tema Principal 
650 |a Política Social -  |z México -  |x Historia -  |y Siglo XX 
650 |a Trabajo Social -  |z México -  |x Historia -  |y Siglo XX 
650 |a Sociología 
650 |a México -  |x Condiciones Sociales y Culturales 
650 |a México -  |x Condiciones Políticas 
650 |a México -  |x Condiciones Económicas 
700 |a Solís San Vicente, Silvia  |e (coordinación) 
700 |a Sánchez Rosado, Manuel  |e (prólogo) 
910 |a Fondo General 
920 |a Impresos - Libros 
930 |a Colección General 
905 |a 101 
901 |a 0500099522  |b IT1  |c ACC  |u 20250521 
902 |a https://opac.biblio.iteso.mx/vufind/Record/000165182